[Event "DEM U16w 2025"]
[Site "Willingen GER"]
[Date "2025.06.08"]
[Round "1"]
[White "Moldovan, Stela"]
[Black "Müller, Riyanna"]
[Result "0-1"]
[Termination "normal"]
[Board "1"]
[BlackTitle "WCM"]
[WhiteElo "1711"]
[BlackElo "2056"]
[WhiteClock "00:52:14"]
[BlackClock "00:42:06"]
[PlyCount "94"]
[WhiteFideId "16287380"]
[BlackFideId "16287401"]
[EventCountry "GER"]
[EventRounds "9"]
[EventType "swiss"]
[EventDate "2025.06.07"]

1. d4 {[%clk 01:30:44]} {[%emt 00:00:16]} d5 {[%clk 01:30:49]} {[%emt
00:00:11]} 2. Nf3 {[%clk 01:30:44]} {[%emt 00:00:30]} Nf6 {[%clk 01:30:47]}
{[%emt 00:00:31]} 3. Bf4 {[%clk 01:29:04]} {[%emt 00:02:11]} g6 {[%clk
01:30:29]} {[%emt 00:00:47]} 4. c4 {[%clk 01:19:32]} {[%emt 00:10:04]} Bg7
{[%clk 01:16:47]} {[%emt 00:14:11]} 5. Nc3 {[%clk 01:17:38]} {[%emt 00:02:24]}
c6 {[%clk 01:13:56]} {[%emt 00:03:21]} 6. Qd2 {[%clk 01:15:57]} {[%emt
00:02:10]} O-O {[%clk 01:10:16]} {[%emt 00:04:10]} 7. Bh6 {[%clk 01:13:04]}
{[%emt 00:03:23]} Ne4 {[%clk 01:01:39]} {[%emt 00:09:07]} 8. Nxe4 {[%clk
01:11:54]} {[%emt 00:01:41]} dxe4 {[%clk 01:02:03]} {[%emt 00:00:05]} 9. Bxg7
{[%clk 01:11:24]} {[%emt 00:01:00]} Kxg7 {[%clk 01:02:28]} {[%emt 00:00:06]}
10. Ng5 {[%clk 01:09:29]} {[%emt 00:02:25]} Bf5 {[%clk 01:00:56]} {[%emt
00:02:02]} 11. h4 {[%clk 01:09:01]} {[%emt 00:00:58]} f6 {[%clk 00:55:05]}
{[%emt 00:06:21]} 12. Nh3 {[%clk 01:07:21]} {[%emt 00:02:09]} Nd7 {[%clk
00:53:28]} {[%emt 00:02:07]} 13. e3 {[%clk 01:05:37]} {[%emt 00:02:14]} e5
{[%clk 00:53:22]} {[%emt 00:00:37]} 14. Be2 {[%clk 01:00:04]} {[%emt 00:06:03]}
Qe7 {[%clk 00:44:35]} {[%emt 00:09:17]} 15. g4 {[%clk 00:57:25]} {[%emt
00:03:09]} Be6 {[%clk 00:44:59]} {[%emt 00:00:05]} 16. O-O-O {[%clk 00:56:06]}
{[%emt 00:01:50]} b5 {[%clk 00:42:18]} {[%emt 00:03:11]} 17. d5 {[%clk
00:54:54]} {[%emt 00:01:43]} cxd5 {[%clk 00:42:39]} {[%emt 00:00:10]} 18. cxd5
{[%clk 00:55:12]} {[%emt 00:00:11]} Bf7 {[%clk 00:42:37]} {[%emt 00:00:30]} 19.
Bxb5 {[%clk 00:54:27]} {[%emt 00:01:16]} Qc5+ {[%clk 00:42:47]} {[%emt
00:00:20]} 20. Qc2 {[%clk 00:52:44]} {[%emt 00:02:13]} Qxb5 {[%clk 00:43:09]}
{[%emt 00:00:08]} 21. Qxe4 {[%clk 00:51:21]} {[%emt 00:01:53]} Nc5 {[%clk
00:42:14]} {[%emt 00:01:25]} 22. Qc2 {[%clk 00:51:12]} {[%emt 00:00:38]} Rac8
{[%clk 00:42:35]} {[%emt 00:00:09]} 23. Kb1 {[%clk 00:51:29]} {[%emt 00:00:13]}
Rfd8 {[%clk 00:38:47]} {[%emt 00:04:18]} 24. f4 {[%clk 00:50:05]} {[%emt
00:01:55]} Bxd5 {[%clk 00:38:31]} {[%emt 00:00:45]} 25. Rxd5 {[%clk 00:46:44]}
{[%emt 00:03:51]} Rxd5 {[%clk 00:38:56]} {[%emt 00:00:05]} 26. h5 {[%clk
00:46:48]} {[%emt 00:00:27]} Qd3 {[%clk 00:38:53]} {[%emt 00:00:32]} 27. Qxd3
{[%clk 00:46:46]} {[%emt 00:00:33]} Nxd3 {[%clk 00:38:24]} {[%emt 00:00:59]}
28. hxg6 {[%clk 00:47:06]} {[%emt 00:00:10]} hxg6 {[%clk 00:38:48]} {[%emt
00:00:07]} 29. fxe5 {[%clk 00:47:23]} {[%emt 00:00:12]} Rxe5 {[%clk 00:38:46]}
{[%emt 00:00:32]} 30. Nf4 {[%clk 00:47:22]} {[%emt 00:00:31]} Rxe3 {[%clk
00:38:53]} {[%emt 00:00:23]} 31. Nd5 {[%clk 00:47:30]} {[%emt 00:00:21]} Re1+
{[%clk 00:39:06]} {[%emt 00:00:17]} 32. Rxe1 {[%clk 00:47:48]} {[%emt
00:00:13]} Nxe1 {[%clk 00:39:31]} {[%emt 00:00:03]} 33. Nf4 {[%clk 00:48:03]}
{[%emt 00:00:15]} Rc4 {[%clk 00:39:32]} {[%emt 00:00:29]} 34. Ne6+ {[%clk
00:48:00]} {[%emt 00:00:33]} Kf7 {[%clk 00:39:49]} {[%emt 00:00:11]} 35. Nd8+
{[%clk 00:48:26]} {[%emt 00:00:06]} Ke7 {[%clk 00:40:12]} {[%emt 00:00:07]} 36.
Nb7 {[%clk 00:48:49]} {[%emt 00:00:07]} Rxg4 {[%clk 00:40:28]} {[%emt
00:00:13]} 37. Kc1 {[%clk 00:49:10]} {[%emt 00:00:10]} Re4 {[%clk 00:40:06]}
{[%emt 00:00:52]} 38. Na5 {[%clk 00:49:17]} {[%emt 00:00:23]} g5 {[%clk
00:40:08]} {[%emt 00:00:28]} 39. Kd2 {[%clk 00:49:37]} {[%emt 00:00:10]} g4
{[%clk 00:40:26]} {[%emt 00:00:11]} 40. Nb3 {[%clk 00:49:56]} {[%emt 00:00:12]}
g3 {[%clk 00:40:35]} {[%emt 00:00:20]} 41. Nc5 {[%clk 00:50:22]} {[%emt
00:00:04]} Re5 {[%clk 00:40:25]} {[%emt 00:00:40]} 42. Nd3 {[%clk 00:50:31]}
{[%emt 00:00:21]} Nxd3 {[%clk 00:40:46]} {[%emt 00:00:10]} 43. Kxd3 {[%clk
00:50:59]} {[%emt 00:00:02]} g2 {[%clk 00:41:11]} {[%emt 00:00:05]} 44. Kd2
{[%clk 00:51:21]} {[%emt 00:00:08]} g1=Q {[%clk 00:41:33]} {[%emt 00:00:07]}
45. Kc3 {[%clk 00:51:43]} {[%emt 00:00:09]} Qe3+ {[%clk 00:41:21]} {[%emt
00:00:42]} 46. Kb4 {[%clk 00:51:58]} {[%emt 00:00:14]} Re4+ {[%clk 00:41:43]}
{[%emt 00:00:08]} 47. Kb5 {[%clk 00:52:14]} {[%emt 00:00:16]} Qb6# {[%clk
00:42:06]} {[%emt 00:00:06]} 0-1

[Event "DEM U16w 2025"]
[Site "Willingen GER"]
[Date "2025.06.08"]
[Round "1"]
[White "Trunz, Tamila"]
[Black "Kutz, Ida Klara"]
[Result "1-0"]
[Termination "normal"]
[Board "2"]
[WhiteElo "2053"]
[BlackElo "1783"]
[WhiteClock "00:51:40"]
[BlackClock "00:09:05"]
[PlyCount "49"]
[WhiteFideId "16267885"]
[BlackFideId "16296257"]
[EventCountry "GER"]
[EventRounds "9"]
[EventType "swiss"]
[EventDate "2025.06.07"]

1. e4 {[%clk 01:30:55]} {[%emt 00:00:04]} c6 {[%clk 01:30:54]} {[%emt
00:00:08]} 2. d4 {[%clk 01:31:04]} {[%emt 00:00:20]} d5 {[%clk 01:31:19]}
{[%emt 00:00:05]} 3. Nc3 {[%clk 01:31:19]} {[%emt 00:00:14]} dxe4 {[%clk
01:31:42]} {[%emt 00:00:08]} 4. Nxe4 {[%clk 01:31:41]} {[%emt 00:00:08]} Bf5
{[%clk 01:32:07]} {[%emt 00:00:06]} 5. Ng3 {[%clk 01:32:02]} {[%emt 00:00:09]}
Bg6 {[%clk 01:31:57]} {[%emt 00:00:39]} 6. h4 {[%clk 01:32:25]} {[%emt
00:00:07]} h6 {[%clk 01:32:20]} {[%emt 00:00:06]} 7. Nf3 {[%clk 01:32:20]}
{[%emt 00:00:36]} Nd7 {[%clk 01:32:02]} {[%emt 00:00:48]} 8. Bd3 {[%clk
01:32:23]} {[%emt 00:00:26]} Bxd3 {[%clk 01:32:27]} {[%emt 00:00:06]} 9. Qxd3
{[%clk 01:32:47]} {[%emt 00:00:06]} e6 {[%clk 01:31:16]} {[%emt 00:01:41]} 10.
Bf4 {[%clk 01:32:33]} {[%emt 00:00:44]} Ne7 {[%clk 01:27:44]} {[%emt 00:04:02]}
11. Ne4 {[%clk 01:28:09]} {[%emt 00:04:55]} Nd5 {[%clk 01:23:21]} {[%emt
00:04:54]} 12. Nd6+ {[%clk 01:23:44]} {[%emt 00:04:54]} Bxd6 {[%clk 01:23:28]}
{[%emt 00:00:22]} 13. Bxd6 {[%clk 01:24:09]} {[%emt 00:00:06]} N7f6 {[%clk
01:15:22]} {[%emt 00:08:35]} 14. Bh2 {[%clk 01:21:40]} {[%emt 00:02:59]} O-O
{[%clk 01:07:52]} {[%emt 00:08:00]} 15. O-O-O {[%clk 01:14:18]} {[%emt
00:07:52]} Qa5 {[%clk 00:53:24]} {[%emt 00:14:55]} 16. Kb1 {[%clk 01:13:26]}
{[%emt 00:01:24]} Nb4 {[%clk 00:49:46]} {[%emt 00:04:09]} 17. Qb3 {[%clk
01:13:33]} {[%emt 00:00:22]} Ne4 {[%clk 00:46:26]} {[%emt 00:03:50]} 18. Rde1
{[%clk 01:10:21]} {[%emt 00:03:43]} f5 {[%clk 00:36:03]} {[%emt 00:10:52]} 19.
Qxe6+ {[%clk 01:06:54]} {[%emt 00:03:58]} Kh8 {[%clk 00:31:33]} {[%emt
00:05:00]} 20. Be5 {[%clk 01:00:15]} {[%emt 00:07:09]} Nf6 {[%clk 00:22:18]}
{[%emt 00:09:45]} 21. a3 {[%clk 00:56:09]} {[%emt 00:04:36]} Nbd5 {[%clk
00:18:30]} {[%emt 00:04:17]} 22. Qxf5 {[%clk 00:53:16]} {[%emt 00:03:24]} Ne7
{[%clk 00:13:30]} {[%emt 00:05:29]} 23. Qd3 {[%clk 00:53:07]} {[%emt 00:00:40]}
Ned5 {[%clk 00:09:05]} {[%emt 00:04:55]} 24. c4 {[%clk 00:51:52]} {[%emt
00:01:44]} Ng4 {[%clk 00:09:05]} {[%emt 00:00:29]} 25. cxd5 {[%clk 00:51:40]}
{[%emt 00:00:41]} 1-0

[Event "DEM U16w 2025"]
[Site "Willingen GER"]
[Date "2025.06.08"]
[Round "1"]
[White "Prokscha, Charlotte"]
[Black "Haug, Mara"]
[Result "0-1"]
[Termination "normal"]
[Board "3"]
[WhiteElo "1808"]
[BlackElo "1999"]
[WhiteClock "00:30:30"]
[BlackClock "00:01:23"]
[PlyCount "75"]
[WhiteFideId "34614699"]
[BlackFideId "16259300"]
[EventCountry "GER"]
[EventRounds "9"]
[EventType "swiss"]
[EventDate "2025.06.07"]

1. d4 {[%clk 01:30:57]} {[%emt 00:00:02]} Nf6 {[%clk 01:30:45]} {[%emt
00:00:15]} 2. c4 {[%clk 01:31:22]} {[%emt 00:00:07]} c5 {[%clk 01:31:11]}
{[%emt 00:00:04]} 3. d5 {[%clk 01:31:47]} {[%emt 00:00:05]} b5 {[%clk
01:31:34]} {[%emt 00:00:07]} 4. cxb5 {[%clk 01:32:11]} {[%emt 00:00:05]} a6
{[%clk 01:31:58]} {[%emt 00:00:07]} 5. e3 {[%clk 01:32:37]} {[%emt 00:00:04]}
g6 {[%clk 01:32:16]} {[%emt 00:00:12]} 6. Nc3 {[%clk 01:33:01]} {[%emt
00:00:07]} Bg7 {[%clk 01:32:35]} {[%emt 00:00:10]} 7. e4 {[%clk 01:33:26]}
{[%emt 00:00:05]} O-O {[%clk 01:32:14]} {[%emt 00:00:50]} 8. Nf3 {[%clk
01:32:02]} {[%emt 00:01:54]} d6 {[%clk 01:32:15]} {[%emt 00:00:29]} 9. a4
{[%clk 01:31:50]} {[%emt 00:00:42]} Nbd7 {[%clk 01:28:59]} {[%emt 00:03:46]}
10. Bg5 {[%clk 01:27:17]} {[%emt 00:05:04]} Qa5 {[%clk 01:23:53]} {[%emt
00:05:35]} 11. Bd2 {[%clk 01:22:29]} {[%emt 00:05:18]} e6 {[%clk 01:08:23]}
{[%emt 00:16:00]} 12. Bc4 {[%clk 01:10:26]} {[%emt 00:12:33]} exd5 {[%clk
00:59:26]} {[%emt 00:09:27]} 13. Nxd5 {[%clk 00:44:48]} {[%emt 00:26:09]} Qd8
{[%clk 00:58:50]} {[%emt 00:01:05]} 14. Bg5 {[%clk 00:43:27]} {[%emt 00:01:51]}
Re8 {[%clk 00:41:50]} {[%emt 00:17:30]} 15. O-O {[%clk 00:42:16]} {[%emt
00:01:42]} Nb6 {[%clk 00:36:18]} {[%emt 00:06:02]} 16. Nxb6 {[%clk 00:40:53]}
{[%emt 00:01:53]} Qxb6 {[%clk 00:36:45]} {[%emt 00:00:02]} 17. Qb3 {[%clk
00:40:56]} {[%emt 00:00:27]} Be6 {[%clk 00:33:20]} {[%emt 00:03:57]} 18. Bd5
{[%clk 00:35:24]} {[%emt 00:06:01]} Nxe4 {[%clk 00:24:53]} {[%emt 00:08:57]}
19. Rae1 {[%clk 00:34:51]} {[%emt 00:01:02]} Bxd5 {[%clk 00:24:43]} {[%emt
00:00:40]} 20. Qxd5 {[%clk 00:34:55]} {[%emt 00:00:26]} Nf6 {[%clk 00:24:29]}
{[%emt 00:00:45]} 21. Bxf6 {[%clk 00:31:22]} {[%emt 00:04:03]} Bxf6 {[%clk
00:22:04]} {[%emt 00:02:55]} 22. bxa6 {[%clk 00:31:24]} {[%emt 00:00:28]} Qxa6
{[%clk 00:15:50]} {[%emt 00:06:45]} 23. b3 {[%clk 00:31:00]} {[%emt 00:00:54]}
Rab8 {[%clk 00:11:56]} {[%emt 00:04:23]} 24. Rd1 {[%clk 00:26:43]} {[%emt
00:04:46]} Re6 {[%clk 00:11:34]} {[%emt 00:00:53]} 25. Rfe1 {[%clk 00:15:36]}
{[%emt 00:11:37]} Rbe8 {[%clk 00:11:01]} {[%emt 00:01:04]} 26. g3 {[%clk
00:11:40]} {[%emt 00:04:26]} Bd4 {[%clk 00:06:31]} {[%emt 00:04:59]} 27. Rf1
{[%clk 00:11:29]} {[%emt 00:00:41]} Bf6 {[%clk 00:06:12]} {[%emt 00:00:49]} 28.
Rfe1 {[%clk 00:09:29]} {[%emt 00:02:30]} Qa5 {[%clk 00:04:11]} {[%emt
00:02:30]} 29. Rxe6 {[%clk 00:08:41]} {[%emt 00:01:19]} Rxe6 {[%clk 00:04:23]}
{[%emt 00:00:19]} 30. Nd2 {[%clk 00:07:43]} {[%emt 00:01:27]} Bd4 {[%clk
00:02:56]} {[%emt 00:01:57]} 31. Nf3 {[%clk 00:05:15]} {[%emt 00:02:58]} Bf6
{[%clk 00:02:53]} {[%emt 00:00:33]} 32. Nd2 {[%clk 00:04:36]} {[%emt 00:01:08]}
Qb4 {[%clk 00:02:36]} {[%emt 00:00:47]} 33. Qc4 {[%clk 00:01:06]} {[%emt
00:04:01]} Qb7 {[%clk 00:02:19]} {[%emt 00:00:48]} 34. Nb1 {[%clk 00:01:09]}
{[%emt 00:00:27]} Qf3 {[%clk 00:02:07]} {[%emt 00:00:41]} 35. Rf1 {[%clk
00:01:07]} {[%emt 00:00:31]} Re2 {[%clk 00:02:11]} {[%emt 00:00:27]} 36. Qf4
{[%emt 00:01:13]} Qxf4 {[%clk 00:01:53]} {[%emt 00:00:38]} 37. gxf4 {[%clk
00:01:01]} {[%emt 00:00:03]} Rb2 {[%clk 00:01:23]} {[%emt 00:00:59]} 38. Rd1
{[%clk 00:30:30]} {[%emt 00:01:02]} 0-1

[Event "DEM U16w 2025"]
[Site "Willingen GER"]
[Date "2025.06.08"]
[Round "1"]
[White "Lorenz, Veronika"]
[Black "Dodul, Alice"]
[Result "1-0"]
[Termination "normal"]
[Board "4"]
[WhiteElo "1952"]
[BlackElo "1749"]
[WhiteClock "00:38:25"]
[BlackClock "00:23:46"]
[PlyCount "45"]
[WhiteFideId "16277406"]
[BlackFideId "34623817"]
[EventCountry "GER"]
[EventRounds "9"]
[EventType "swiss"]
[EventDate "2025.06.07"]

1. e4 {[%clk 01:30:58]} {[%emt 14:25:05]} e5 {[%clk 01:30:56]} {[%emt
00:00:04]} 2. Nf3 {[%clk 01:31:26]} {[%emt 00:00:04]} Nc6 {[%clk 01:31:21]}
{[%emt 00:00:03]} 3. Bb5 {[%clk 01:31:54]} {[%emt 00:00:02]} Nge7 {[%clk
01:31:43]} {[%emt 00:00:07]} 4. d4 {[%clk 01:32:03]} {[%emt 00:00:22]} exd4
{[%clk 01:30:48]} {[%emt 00:01:26]} 5. Nxd4 {[%clk 01:31:26]} {[%emt 00:01:07]}
g6 {[%clk 01:29:21]} {[%emt 00:01:57]} 6. Nxc6 {[%clk 01:31:52]} {[%emt
00:00:05]} Nxc6 {[%clk 01:29:41]} {[%emt 00:00:08]} 7. Bd2 {[%clk 01:32:14]}
{[%emt 00:00:07]} Bg7 {[%clk 01:29:36]} {[%emt 00:00:36]} 8. Bc3 {[%clk
01:32:40]} {[%emt 00:00:05]} O-O {[%clk 01:29:21]} {[%emt 00:00:44]} 9. Bxg7
{[%clk 01:33:06]} {[%emt 00:00:04]} Kxg7 {[%clk 01:29:41]} {[%emt 00:00:09]}
10. Nc3 {[%clk 01:33:18]} {[%emt 00:00:19]} Qg5 {[%clk 01:24:31]} {[%emt
00:05:40]} 11. O-O {[%clk 01:22:03]} {[%emt 00:11:46]} d6 {[%clk 01:23:07]}
{[%emt 00:01:53]} 12. f4 {[%clk 01:07:57]} {[%emt 00:14:36]} Qc5+ {[%clk
01:20:01]} {[%emt 00:03:36]} 13. Kh1 {[%clk 01:08:18]} {[%emt 00:00:09]} f5
{[%clk 01:15:56]} {[%emt 00:04:34]} 14. Bxc6 {[%clk 01:02:20]} {[%emt
00:06:29]} bxc6 {[%clk 01:14:52]} {[%emt 00:01:33]} 15. Qd2 {[%clk 01:01:10]}
{[%emt 00:01:39]} Ba6 {[%clk 01:10:36]} {[%emt 00:04:48]} 16. Rfe1 {[%clk
00:54:47]} {[%emt 00:06:48]} Rae8 {[%clk 01:03:03]} {[%emt 00:08:08]} 17. exf5
{[%clk 00:48:58]} {[%emt 00:06:18]} Rxe1+ {[%clk 00:55:46]} {[%emt 00:07:48]}
18. Rxe1 {[%clk 00:49:26]} {[%emt 00:00:02]} Rxf5 {[%clk 00:55:23]} {[%emt
00:00:52]} 19. Ne4 {[%clk 00:43:05]} {[%emt 00:06:47]} Qc4 {[%clk 00:44:33]}
{[%emt 00:11:24]} 20. Ng5 {[%clk 00:42:17]} {[%emt 00:01:18]} Rf6 {[%clk
00:29:36]} {[%emt 00:15:26]} 21. Qe3 {[%clk 00:41:13]} {[%emt 00:01:33]} Bb5
{[%clk 00:24:41]} {[%emt 00:05:27]} 22. Qe7+ {[%clk 00:40:03]} {[%emt
00:01:39]} Rf7 {[%clk 00:23:46]} {[%emt 00:01:25]} 23. Ne6+ {[%clk 00:38:25]}
{[%emt 00:02:09]} 1-0

[Event "DEM U16w 2025"]
[Site "Willingen GER"]
[Date "2025.06.08"]
[Round "1"]
[White "Ignatova, Gabriela"]
[Black "Bauer, Laura Sophie"]
[Result "0-1"]
[Termination "normal"]
[Board "5"]
[WhiteElo "1688"]
[BlackElo "1979"]
[WhiteClock "00:04:12"]
[BlackClock "00:28:21"]
[PlyCount "80"]
[WhiteFideId "34623698"]
[BlackFideId "16253647"]
[EventCountry "GER"]
[EventRounds "9"]
[EventType "swiss"]
[EventDate "2025.06.07"]

1. e4 {[%clk 01:30:51]} {[%emt 00:00:08]} e5 {[%clk 01:30:54]} {[%emt
00:00:07]} 2. Nf3 {[%clk 01:31:10]} {[%emt 00:00:10]} Nc6 {[%clk 01:31:20]}
{[%emt 00:00:06]} 3. Bc4 {[%clk 01:31:29]} {[%emt 00:00:09]} Bc5 {[%clk
01:31:42]} {[%emt 00:00:09]} 4. c3 {[%clk 01:31:46]} {[%emt 00:00:13]} Nf6
{[%clk 01:32:07]} {[%emt 00:00:05]} 5. d3 {[%clk 01:31:38]} {[%emt 00:00:38]}
d6 {[%clk 01:29:27]} {[%emt 00:03:10]} 6. Bb3 {[%clk 01:31:51]} {[%emt
00:00:16]} a6 {[%clk 01:29:47]} {[%emt 00:00:11]} 7. Nbd2 {[%clk 01:31:01]}
{[%emt 00:01:20]} Ba7 {[%clk 01:29:27]} {[%emt 00:00:51]} 8. h3 {[%clk
01:31:12]} {[%emt 00:00:18]} h6 {[%clk 01:29:24]} {[%emt 00:00:32]} 9. Nf1
{[%clk 01:30:49]} {[%emt 00:00:53]} Be6 {[%clk 01:28:28]} {[%emt 00:01:27]} 10.
Bc2 {[%clk 01:31:07]} {[%emt 00:00:12]} Qd7 {[%clk 01:28:06]} {[%emt 00:00:53]}
11. Bd2 {[%clk 01:20:42]} {[%emt 00:10:53]} g5 {[%clk 01:27:12]} {[%emt
00:01:24]} 12. Be3 {[%clk 01:13:43]} {[%emt 00:07:29]} O-O-O {[%clk 01:23:52]}
{[%emt 00:03:50]} 13. d4 {[%clk 01:12:46]} {[%emt 00:01:28]} exd4 {[%clk
01:21:23]} {[%emt 00:02:58]} 14. cxd4 {[%clk 01:12:10]} {[%emt 00:01:06]} d5
{[%clk 01:20:38]} {[%emt 00:01:15]} 15. e5 {[%clk 01:09:26]} {[%emt 00:03:15]}
Ng8 {[%clk 01:19:15]} {[%emt 00:01:53]} 16. Ng3 {[%clk 01:05:26]} {[%emt
00:04:29]} f5 {[%clk 01:14:34]} {[%emt 00:05:10]} 17. exf6 {[%clk 01:02:26]}
{[%emt 00:03:33]} Nxf6 {[%clk 01:13:36]} {[%emt 00:01:27]} 18. Rc1 {[%clk
01:02:43]} {[%emt 00:00:12]} Qe7 {[%clk 01:02:57]} {[%emt 00:11:09]} 19. Ba4
{[%clk 00:53:25]} {[%emt 00:09:49]} Bd7 {[%clk 01:02:01]} {[%emt 00:01:26]} 20.
Bxc6 {[%clk 00:52:22]} {[%emt 00:01:33]} Bxc6 {[%clk 01:02:10]} {[%emt
00:00:21]} 21. Ne5 {[%clk 00:52:38]} {[%emt 00:00:13]} Bb5 {[%clk 00:57:03]}
{[%emt 00:05:38]} 22. Nf5 {[%clk 00:44:40]} {[%emt 00:08:27]} Qe6 {[%clk
00:51:26]} {[%emt 00:06:07]} 23. Qc2 {[%clk 00:43:31]} {[%emt 00:01:40]} Bb6
{[%clk 00:51:42]} {[%emt 00:00:14]} 24. Ng7 {[%clk 00:31:43]} {[%emt 00:12:18]}
Qe7 {[%clk 00:47:32]} {[%emt 00:04:38]} 25. Nf5 {[%clk 00:28:30]} {[%emt
00:03:44]} Qe8 {[%clk 00:45:33]} {[%emt 00:02:28]} 26. b3 {[%clk 00:27:55]}
{[%emt 00:01:06]} Ne4 {[%clk 00:44:49]} {[%emt 00:01:14]} 27. f3 {[%clk
00:25:44]} {[%emt 00:02:41]} Ba5+ {[%clk 00:43:01]} {[%emt 00:02:18]} 28. Bd2
{[%clk 00:21:28]} {[%emt 00:04:45]} Nxd2 {[%clk 00:41:08]} {[%emt 00:02:25]}
29. b4 {[%clk 00:20:54]} {[%emt 00:01:05]} Nxf3+ {[%clk 00:40:37]} {[%emt
00:00:59]} 30. gxf3 {[%clk 00:21:13]} {[%emt 00:00:11]} Bxb4+ {[%clk 00:40:59]}
{[%emt 00:00:09]} 31. Kf2 {[%clk 00:21:11]} {[%emt 00:00:31]} Ba5 {[%clk
00:40:34]} {[%emt 00:00:55]} 32. a4 {[%clk 00:16:45]} {[%emt 00:04:57]} Bc4
{[%clk 00:32:07]} {[%emt 00:08:57]} 33. Nxc4 {[%clk 00:14:57]} {[%emt
00:02:18]} dxc4 {[%clk 00:32:28]} {[%emt 00:00:09]} 34. Qxc4 {[%clk 00:15:24]}
{[%emt 00:00:03]} Qf8 {[%clk 00:29:26]} {[%emt 00:03:31]} 35. Ne3 {[%clk
00:12:46]} {[%emt 00:03:08]} Qd6 {[%clk 00:27:41]} {[%emt 00:02:15]} 36. Nf5
{[%clk 00:11:15]} {[%emt 00:02:02]} Qf6 {[%clk 00:27:16]} {[%emt 00:00:54]} 37.
Qc5 {[%clk 00:06:13]} {[%emt 00:05:33]} Bb6 {[%clk 00:27:36]} {[%emt 00:00:10]}
38. Ne7+ {[%clk 00:06:25]} {[%emt 00:00:17]} Kb8 {[%clk 00:27:55]} {[%emt
00:00:10]} 39. Nd5 {[%clk 00:03:49]} {[%emt 00:03:08]} Bxc5 {[%clk 00:27:54]}
{[%emt 00:00:31]} 40. Nxf6 {[%clk 00:04:12]} {[%emt 00:00:06]} Bxd4+ {[%clk
00:28:21]} {[%emt 00:00:03]} 0-1

[Event "DEM U16w 2025"]
[Site "Willingen GER"]
[Date "2025.06.08"]
[Round "1"]
[White "Bezsonna, Polina"]
[Black "Boronina, Kseniia"]
[Result "1-0"]
[Termination "normal"]
[Board "6"]
[WhiteElo "1972"]
[BlackElo "1691"]
[WhiteClock "00:12:44"]
[BlackClock "00:00:54"]
[PlyCount "67"]
[WhiteFideId "14191156"]
[BlackFideId "34308768"]
[EventCountry "GER"]
[EventRounds "9"]
[EventType "swiss"]
[EventDate "2025.06.07"]

1. e4 {[%clk 01:30:57]} {[%emt 00:00:02]} c5 {[%clk 01:30:56]} {[%emt
00:00:04]} 2. Nf3 {[%clk 01:31:21]} {[%emt 00:00:06]} Nc6 {[%clk 01:31:21]}
{[%emt 00:00:07]} 3. d4 {[%clk 01:31:43]} {[%emt 00:00:07]} cxd4 {[%clk
01:31:46]} {[%emt 00:00:05]} 4. Nxd4 {[%clk 01:32:09]} {[%emt 00:00:04]} g6
{[%clk 01:32:11]} {[%emt 00:00:05]} 5. Nc3 {[%clk 01:31:42]} {[%emt 00:00:56]}
Bg7 {[%clk 01:32:37]} {[%emt 00:00:04]} 6. Be3 {[%clk 01:32:04]} {[%emt
00:00:09]} Nf6 {[%clk 01:33:03]} {[%emt 00:00:04]} 7. Bc4 {[%clk 01:32:12]}
{[%emt 00:00:21]} O-O {[%clk 01:33:09]} {[%emt 00:00:25]} 8. Bb3 {[%clk
01:32:27]} {[%emt 00:00:15]} d6 {[%clk 01:33:35]} {[%emt 00:00:04]} 9. f3
{[%clk 01:31:48]} {[%emt 00:01:09]} Bd7 {[%clk 01:34:01]} {[%emt 00:00:04]} 10.
Qd2 {[%clk 01:32:07]} {[%emt 00:00:11]} Nxd4 {[%clk 01:34:26]} {[%emt
00:00:05]} 11. Bxd4 {[%clk 01:32:29]} {[%emt 00:00:08]} b5 {[%clk 01:34:50]}
{[%emt 00:00:06]} 12. O-O-O {[%clk 01:19:52]} {[%emt 00:13:07]} a5 {[%clk
01:35:09]} {[%emt 00:00:11]} 13. e5 {[%clk 01:18:04]} {[%emt 00:02:18]} dxe5
{[%clk 01:35:29]} {[%emt 00:00:10]} 14. Bxe5 {[%clk 01:18:30]} {[%emt
00:00:04]} Bc6 {[%clk 01:35:55]} {[%emt 00:00:04]} 15. Qe3 {[%clk 01:06:56]}
{[%emt 00:12:03]} Qc8 {[%clk 01:33:06]} {[%emt 00:03:20]} 16. Nd5 {[%clk
00:48:19]} {[%emt 00:19:07]} Nxd5 {[%clk 01:30:57]} {[%emt 00:02:39]} 17. Bxd5
{[%clk 00:48:36]} {[%emt 00:00:13]} Bxe5 {[%clk 01:01:09]} {[%emt 00:30:17]}
18. Qxe5 {[%clk 00:48:54]} {[%emt 00:00:12]} e6 {[%clk 00:49:11]} {[%emt
00:12:29]} 19. Bxc6 {[%clk 00:38:31]} {[%emt 00:10:52]} Qxc6 {[%clk 00:49:40]}
{[%emt 00:00:02]} 20. Rd3 {[%clk 00:31:08]} {[%emt 00:07:53]} b4 {[%clk
00:44:23]} {[%emt 00:05:47]} 21. Kb1 {[%clk 00:28:58]} {[%emt 00:02:40]} Rfc8
{[%clk 00:38:08]} {[%emt 00:06:46]} 22. Rc1 {[%clk 00:26:48]} {[%emt 00:02:39]}
a4 {[%clk 00:30:48]} {[%emt 00:07:50]} 23. c3 {[%clk 00:19:54]} {[%emt
00:07:25]} Rab8 {[%clk 00:19:51]} {[%emt 00:11:27]} 24. c4 {[%clk 00:15:27]}
{[%emt 00:04:56]} b3 {[%clk 00:17:03]} {[%emt 00:03:19]} 25. a3 {[%clk
00:15:56]} {[%emt 00:00:01]} Qc5 {[%clk 00:15:10]} {[%emt 00:02:23]} 26. Rd8+
{[%clk 00:16:10]} {[%emt 00:00:16]} Rxd8 {[%clk 00:15:19]} {[%emt 00:00:21]}
27. Qxc5 {[%clk 00:16:33]} {[%emt 00:00:06]} Rd2 {[%clk 00:13:20]} {[%emt
00:02:29]} 28. Qg5 {[%clk 00:14:55]} {[%emt 00:02:07]} Rbd8 {[%clk 00:13:03]}
{[%emt 00:00:48]} 29. c5 {[%clk 00:15:12]} {[%emt 00:00:13]} R8d5 {[%clk
00:09:26]} {[%emt 00:04:08]} 30. Qf4 {[%clk 00:14:09]} {[%emt 00:01:32]} R5d4
{[%clk 00:02:29]} {[%emt 00:07:28]} 31. Qb8+ {[%clk 00:12:27]} {[%emt
00:02:11]} Kg7 {[%clk 00:02:40]} {[%emt 00:00:19]} 32. c6 {[%clk 00:12:35]}
{[%emt 00:00:22]} Re2 {[%clk 00:02:57]} {[%emt 00:00:14]} 33. Qb5 {[%clk
00:12:21]} {[%emt 00:00:43]} Rdd2 {[%clk 00:00:54]} {[%emt 00:02:34]} 34. Qxe2
{[%clk 00:12:44]} {[%emt 00:00:07]} 1-0